A manual of church history / (Registro nro. 20458)

Detalles MARC
000 -LEADER
campo de control de longitud fija 02153cam a22004454i 4500
003 - IDENTIFICADOR DE NÚMERO DE CONTROL
campo de control PE-LiUPU
005 - FECHA Y HORA DE LA ÚLTIMA TRANSACCIÓN
campo de control 20250731172928.0
008 - DATOS DE LONGITUD FIJA--INFORMACIÓN GENERAL
campo de control de longitud fija s1899 r 000 0 spa d
035 ## - NÚMERO DE CONTROL DEL SISTEMA
Número de control de sistema (Sirsi) a204079
040 ## - FUENTE DE CATALOGACIÓN
Centro catalogador/agencia de origen PE-LiUPU
Lengua de catalogación spa
Centro/agencia transcriptor PE-LiUPU
Normas de descripción rda
049 ## - FONDOS LOCALES (OCLC)
Biblioteca depositaria PRUA
082 04 - NÚMERO DE LA CLASIFICACIÓN DECIMAL DEWEY
Número de clasificación 286.7
Cutter R61
Número de edición 20
100 1# - ENTRADA PRINCIPAL--NOMBRE DE PERSONA
Nombre de persona Newman, Albert Henry,
Término indicativo de función/relación autor.
245 #4 - MENCIÓN DEL TÍTULO
Título A manual of church history /
Mención de responsabilidad, etc. Albert Henry Newman D.D., LL.D.
264 ## - PRODUCCIÓN, PUBLICACIÓN, DISTRIBUCIÓN, FABRICACIÓN Y COPYRIGHT
Producción, publicación, distribución, fabricación y copyright USA :
Nombre del de productor, editor, distribuidor, fabricante BAPTIST PUBLLICATION,
Fecha de producción, publicación, distribución, fabricación o copyright 1899.
300 ## - DESCRIPCIÓN FÍSICA
Extensión 2 tomos ;
Dimensiones 17 centímetros.
336 ## - TIPO DE CONTENIDO
-- ext
Fuente rdacontent
337 ## - TIPO DE MEDIO
-- nmediated
Fuente rdamedia
338 ## - TIPO DE SOPORTE
-- olume
Fuente rdacarrier
505 0# - NOTA DE CONTENIDO CON FORMATO
Información miscelánea Tomo 1.
Título Preliminary observation on the study of church history -- The graeco-roman civilization as a preparation for christianity -- Preparation for christianity in jewis life and thougt -- From the end of the apostolic age to the conversation of constantitine -- From the conversion of constantine to the founding of the holy roman empire by charlemagne -- From the coronation of charlemagne as roman emperor to the outbrake of the protestant revolution.
505 0# - NOTA DE CONTENIDO CON FORMATO
Información miscelánea Tomo 2.
Título From the outbrake of the protestant revolution to the peacae of westphalia -- The era of modern denominationalism -- The Church of england -- The great anglo-american denominational -- Twentieth century supplement.
526 ## - NOTA DE INFORMACIÓN SOBRE EL PROGRAMA DE ESTUDIO
Nombre del programa Segunda Especialidad En Profecías Bíblicas
526 ## - NOTA DE INFORMACIÓN SOBRE EL PROGRAMA DE ESTUDIO
Nombre del programa Segunda Especialidad En Nuevo Testamento
526 ## - NOTA DE INFORMACIÓN SOBRE EL PROGRAMA DE ESTUDIO
Nombre del programa Segunda Especialidad En Antiguo Testamento
526 ## - NOTA DE INFORMACIÓN SOBRE EL PROGRAMA DE ESTUDIO
Nombre del programa Segunda Especialidad En Estudios Adventistas
526 ## - NOTA DE INFORMACIÓN SOBRE EL PROGRAMA DE ESTUDIO
Nombre del programa Doctorado en teología
526 ## - NOTA DE INFORMACIÓN SOBRE EL PROGRAMA DE ESTUDIO
Nombre del programa Maestría en teología histórica
526 ## - NOTA DE INFORMACIÓN SOBRE EL PROGRAMA DE ESTUDIO
Nombre del programa Maestría en teología bíblica
526 ## - NOTA DE INFORMACIÓN SOBRE EL PROGRAMA DE ESTUDIO
Nombre del programa Maestría en teología
526 ## - NOTA DE INFORMACIÓN SOBRE EL PROGRAMA DE ESTUDIO
Nombre del programa Maestría en misionología
526 ## - NOTA DE INFORMACIÓN SOBRE EL PROGRAMA DE ESTUDIO
Nombre del programa Maestría en liderazgo eclesiástico
526 ## - NOTA DE INFORMACIÓN SOBRE EL PROGRAMA DE ESTUDIO
Nombre del programa Teología
596 ## -
-- 1
650 04 - PUNTO DE ACCESO ADICIONAL DE MATERIA--TÉRMINO DE MATERIA
Término de materia o nombre geográfico como elemento de entrada Historia
Subdivisión general Iglesia
942 ## - ELEMENTOS DE ENTRADA SECUNDARIOS (KOHA)
Fuente del sistema de clasificación o colocación Clasificación Decimal Dewey
Tipo de ítem Koha
999 ## - NÚMEROS DE CONTROL DE SISTEMA (KOHA)
-- LC
-- 76013
-- 2021-11-11
-- 5
-- CCODEBUL1
-- BUL
-- 0
-- Y
-- BOOK
-- 2017-5-26
-- TEOLOGIA
-- P85
-- DONACION
-- .STAFF. Colección Teología
999 ## - NÚMEROS DE CONTROL DE SISTEMA (KOHA)
-- LC
-- 75689
-- 2021-11-11
-- 5
-- CCODEBUL1
-- BUL
-- 1
-- 0
-- Y
-- BOOK
-- 2017-5-26
-- TEOLOGIA
-- P85
-- DONACION
-- .STAFF. Colección Teología
980 ## - EQUIVALENCIA O REFERENCIA-CRUZADA-MENCIÓN DE SERIE--NOMBRE DE PERSONA/TÍTULO [LOCAL, CANADÁ]
ID del último usuario que modificó el registro 1
Nombre del último usuario que modificó el registro ALBERTO SANCHEZ Responsable de Automatización
Existencias
Visto por última vez Número de inventario Total de préstamos Signatura topográfica completa Código de barras Fecha del último préstamo Copia número Fecha de reemplazo Facultad Tipo de ítem Koha Nota pública Estado de pérdida Fuente del sistema de clasificación o colocación Restricciones de uso No para préstamo Colección Programa académico Biblioteca de origen Biblioteca actual Ubicación en estantería Fecha de adquisición Fuente de adquisición
2025-12-02 6 1 286.7 R61 76013 2022-11-02 e1 2017-05-26   Libros físicos inventario-2023-12-13 No Perdido Clasificación Decimal Dewey No restringido Disponible para préstamos Colección General Maestría en teología Biblioteca CRAI UPeU Lima Biblioteca CRAI UPeU Lima Sala principal 2017-05-26 DONACION
2025-12-02 6 1 286.7 R61 75689 2022-11-02 e2 2017-05-26   Libros físicos inventario-2023-12-13 No Perdido Clasificación Decimal Dewey No restringido Disponible para préstamos Colección General Maestría en teología Biblioteca CRAI UPeU Lima Biblioteca CRAI UPeU Lima Sala principal 2017-05-26 DONACION